[Event "Sunnyvale 1000 GM Thanksgiving IM2"]
[Site "Sunnyvale"]
[Date "2023.11.26"]
[Round "8"]
[White "Fernandez Hernandez, Arturo Augusto"]
[Black "Yao, Hanchi"]
[Result "1-0"]
[WhiteElo "2307"]
[BlackElo "1857"]
[PlyCount "69"]
[EventDate "2023.11.22"]
[EventType "schev"]
[EventRounds "9"]
[EventCountry "USA"]
[SourceTitle "CB48_2023"]
[SourceDate "2023.11.29"]
[SourceVersion "1"]
[SourceVersionDate "2023.11.29"]
[SourceQuality "1"]

1. Nf3 d5 2. e3 Nf6 3. c4 c6 4. Nc3 e6 5. b3 Nbd7 6. Bb2 Bd6 7. d4 Ne4 8. Bd3 f5 9. 0-0 0-0 10. Ne2 Qf6 11. Qc1 g5 12. Ba3 Qe7 13. Bxd6 Nxd6 14. Qa3 g4 15. Ne5 Re8 16. Nf4 Nxe5 17. dxe5 Nf7 18. Qb2 Qg5 19. a4 a5 20. Rac1 Re7 21. Be2 Qg7 22. Nd3 Qh6 23. Qd4 Bd7 24. f3 gxf3 25. gxf3 Be8 26. Kh1 Nd8 27. Rg1+ Bg6 28. Nf4 Kf8 29. Rg3 Nf7 30. cxd5 cxd5 31. Rc7 Rae8 32. Qc5 Nxe5 33. Rh3 b6 34. Rxe7 Rxe7 35. Qxe7+ 1-0

[Event "Sunnyvale 1000-A 09"]
[Site "Sunnyvale"]
[Date "2023.09.16"]
[Round "1"]
[White "Fernandez Hernandez, Arturo Augusto"]
[Black "Goktepe, Derin"]
[Result "1-0"]
[WhiteElo "2329"]
[BlackElo "2163"]
[PlyCount "120"]
[EventDate "2023.09.16"]
[EventType "schev"]
[EventRounds "5"]
[EventCountry "USA"]
[SourceTitle "EXT 2024"]
[Source "ChessBase"]
[SourceDate "2023.10.10"]
[SourceVersion "1"]
[SourceVersionDate "2023.10.10"]
[SourceQuality "1"]

1. Nf3 Nf6 2. c4 e6 3. Nc3 d5 4. e3 Nbd7 5. b3 b6 6. Bb2 Bb7 7. d4 Bd6 8. Bd3 0-0 9. 0-0 a6 10. Qe2 Qe7 11. e4 dxe4 12. Nxe4 Nxe4 13. Bxe4 Bxe4 14. Qxe4 Nf6 15. Qe1 c5 16. Rd1 Rfd8 17. Qe3 cxd4 18. Bxd4 Bc5 19. Bxc5 bxc5 20. h3 Qc7 21. Ne5 h6 22. Nd3 Rac8 23. Nb2 Qc6 24. Na4 Rxd1 25. Rxd1 Kf8 26. Qg3 Ke7 27. Nc3 g5 28. Qe5 Qc7 29. Qe3 Rd8 30. Rxd8 Kxd8 31. Na4 Nd7 32. g3 Qd6 33. Qf3 Ne5 34. Qb7 Nd7 35. Kg2 Ke7 36. Qc8 h5 37. Qb7 Kf6 38. Nc3 Qd4 39. Ne4+ Kg6 40. Qa8 Kh6 41. h4 gxh4 42. gxh4 f5 43. Ng3 f4 44. Ne4 Kg7 45. Ng5 Qd1 46. Nf3 Qd6 47. Qd8 Kf7 48. Qg5 Qb8 49. Qxh5+ Ke7 50. Qg5+ Kf7 51. h5 e5 52. Qg6+ Ke7 53. h6 Qf8 54. Ng5 Qf6 55. Qg7+ Qxg7 56. hxg7 Nf6 57. Ne4 Ng8 58. Nxc5 Kf6 59. Nxa6 Kxg7 60. Nc5 Ne7 1-0

[Event "Milpitas"]
[Site "Milpitas"]
[Date "2023.07.18"]
[Round "8"]
[White "Deng, Henry"]
[Black "Fernandez Hernandez, Arturo Augusto"]
[Result "1/2-1/2"]
[WhiteElo "2212"]
[BlackElo "2324"]
[PlyCount "94"]
[EventDate "2023.07.14"]
[EventType "schev"]
[EventRounds "9"]
[EventCountry "USA"]
[SourceTitle "EXT 2024"]
[Source "ChessBase"]
[SourceDate "2023.10.10"]
[SourceVersion "1"]
[SourceVersionDate "2023.10.10"]
[SourceQuality "1"]

1. e4 Nf6 2. e5 Nd5 3. c4 Nb6 4. d4 d6 5. f4 g6 6. Be3 Bg7 7. Nc3 0-0 8. c5 N6d7 9. Nf3 dxc5 10. dxc5 e6 11. Qc2 Nc6 12. Bb5 Nb4 13. Qb3 Nd5 14. Nxd5 exd5 15. c6 Nb6 16. 0-0 bxc6 17. Bxc6 Rb8 18. Bc5 Nd7 19. Qxd5 Nxc5 20. Qxc5 Qd3 21. Rf2 Qa6 22. Be4 Qb6 23. Qxb6 cxb6 24. Rd1 Bh6 25. g3 Bg4 26. Kg2 Rfd8 27. Rfd2 Rxd2+ 28. Rxd2 Kf8 29. h3 Bxf3+ 30. Kxf3 Ke7 31. Rc2 Rd8 32. Ke2 Bg7 33. Bd3 f6 34. exf6+ Bxf6 35. b3 Bd4 36. b4 a5 37. Bb5 Rd5 38. Bc6 Rd6 39. bxa5 bxa5 40. Ba4 Bb6 41. Bb3 Kf6 42. Rc8 Bd8 43. Ra8 Rd7 44. Kf3 Bb6 45. Ra6 Rd6 46. g4 g5 47. fxg5+ Kxg5 1/2-1/2

[Event "Milpitas"]
[Site "Milpitas"]
[Date "2023.07.16"]
[Round "4"]
[White "Nathan, Nitish"]
[Black "Fernandez Hernandez, Arturo Augusto"]
[Result "1/2-1/2"]
[WhiteElo "2179"]
[BlackElo "2324"]
[PlyCount "59"]
[EventDate "2023.07.14"]
[EventType "schev"]
[EventRounds "9"]
[EventCountry "USA"]
[SourceTitle "EXT 2024"]
[Source "ChessBase"]
[SourceDate "2023.10.10"]
[SourceVersion "1"]
[SourceVersionDate "2023.10.10"]
[SourceQuality "1"]

1. d4 f5 2. Bf4 e6 3. e3 Nf6 4. Nf3 b6 5. h3 Bb7 6. Be2 Bd6 7. Bxd6 cxd6 8. c4 0-0 9. 0-0 d5 10. cxd5 Nxd5 11. Nc3 Nxc3 12. bxc3 Nc6 13. Bd3 Ne7 14. c4 Ng6 15. Re1 Nh4 16. Nxh4 Qxh4 17. f3 Rf6 18. e4 Raf8 19. d5 fxe4 20. Bxe4 Rf4 21. Qd3 e5 22. Kh2 Qh6 23. a4 d6 24. a5 Bc8 25. axb6 axb6 26. Qe3 Qh5 27. Qf2 Bf5 28. Bxf5 Qxf5 29. Qxb6 Rxf3 30. gxf3 1/2-1/2

[Event "Sunnyvale 1000 GM Schev 04"]
[Site "Sunnyvale"]
[Date "2023.04.22"]
[Round "3.5"]
[White "Fernandez Hernandez, Arturo Augusto"]
[Black "Guo, Ethan"]
[Result "1-0"]
[WhiteElo "2308"]
[BlackElo "1964"]
[PlyCount "107"]
[EventDate "2023.04.21"]
[EventType "schev"]
[EventRounds "5"]
[EventCountry "USA"]
[SourceTitle "CBM 213 Extra"]
[Source "ChessBase"]
[SourceDate "2023.05.31"]
[SourceVersion "1"]
[SourceVersionDate "2023.05.31"]
[SourceQuality "1"]
[WhiteTeam "Team B"]
[BlackTeam "Team B"]
[WhiteTeamCountry "USA"]
[BlackTeamCountry "USA"]

1. Nf3 d5 2. e3 c6 3. c4 Nf6 4. Nc3 e6 5. b3 Bd6 6. Bb2 Nbd7 7. cxd5 exd5 8. Qc2 Qe7 9. d4 Nf8 10. Bd3 Ne6 11. 0-0 0-0 12. Ne2 g6 13. Ne5 Ng7 14. Ng3 Nd7 15. f4 f5 16. Rae1 Nf6 17. h3 Bd7 18. Rf2 Rac8 19. Qd1 Rc7 20. Rc2 Bc8 21. Qf3 Qd8 22. Nh1 Re7 23. Nf2 Bd7 24. Kh1 Kh8 25. g4 Ne4 26. Rg1 Qe8 27. Bxe4 fxe4 28. Qg3 a5 29. h4 a4 30. Nd1 axb3 31. axb3 Qa8 32. Rh2 Be6 33. h5 gxh5 34. f5 Bg8 35. Ng6+ hxg6 36. Qxd6 Ref7 37. Qxg6 Bh7 38. Qh6 Rf6 39. Qg5 Qd8 40. Nf2 Rg8 41. Qh4 Rf7 42. Qxd8 Rxd8 43. Nh3 Ra8 44. Ng5 Rf6 45. Bc3 Rff8 46. Bb4 Rfe8 47. f6 Ne6 48. Nf7+ Kg8 49. Nh6+ Kh8 50. Rxh5 b6 51. Bd6 c5 52. Be5 Rf8 53. f7+ Ng7 54. Rg5 1-0

[Event "Titled Tuesday intern op 21st Mar Early"]
[Site "Chess.com INT"]
[Date "2023.03.21"]
[Round "3"]
[White "Fernandez Hernandez, Arturo Augusto"]
[Black "Kornyukov, Alexey"]
[Result "1-0"]
[WhiteElo "2308"]
[BlackElo "2452"]
[PlyCount "149"]
[EventDate "2023.03.21"]
[EventType "swiss (blitz)"]
[EventRounds "11"]
[EventCountry "USA"]
[SourceTitle "EXT 2024"]
[Source "ChessBase"]
[SourceDate "2023.10.10"]
[SourceVersion "1"]
[SourceVersionDate "2023.10.10"]
[SourceQuality "1"]

1. e4 c5 2. Nc3 Nc6 3. Bb5 e6 4. Bxc6 bxc6 5. d3 d5 6. Qe2 Be7 7. f4 Nf6 8. Nf3 0-0 9. 0-0 d4 10. Nb1 Ba6 11. Nbd2 Ng4 12. Re1 Ne3 13. Nf1 Nxf1 14. Rxf1 f5 15. exf5 exf5 16. Qe6+ Kh8 17. Qxc6 Qb6 18. Qxb6 axb6 19. Re1 Bf6 20. Re6 Rab8 21. a4 c4 22. dxc4 Bxc4 23. Rd6 Rfd8 24. Rxd8+ Rxd8 25. Bd2 d3 26. c3 Re8 27. Re1 Re2 28. Rxe2 dxe2 29. b4 Kg8 30. Kf2 Kf7 31. Ng1 Bd8 32. Nxe2 Bb3 33. Nd4 Bxa4 34. Nxf5 g6 35. Nd4 Bf6 36. Nf3 Bc2 37. g4 Be4 38. Ke3 Bxf3 39. Kxf3 Ke6 40. Ke4 b5 41. Kd3 Kd5 42. Be3 Be7 43. h3 Bd6 44. h4 Be7 45. h5 Bd6 46. h6 Be7 47. Bd4 Bd6 48. f5 gxf5 49. gxf5 Bf8 50. Bg7 Bd6 51. f6 Ke6 52. c4 Bxb4 53. cxb5 Bc5 54. Kc4 Bf2 55. Kb4 Kf7 56. Ka5 Be3 57. Ka6 Bf2 58. b6 Bxb6 59. Kxb6 Kg8 60. Kc6 Kf7 61. Kd7 Kg8 62. Bh8 Kf7 63. Kd8 Kg8 64. Bg7 Kf7 65. Kd7 Kg8 66. Kd6 Kf7 67. Ke5 Kg8 68. Kf5 Kf7 69. Ke5 Kg8 70. Kd6 Kf7 71. Bh8 Kg8 72. Ke6 Kxh8 73. Ke7 Kg8 74. f7+ Kh8 75. f8Q# 1-0

[Event "Titled Tuesday intern op 21st Mar Early"]
[Site "Chess.com INT"]
[Date "2023.03.21"]
[Round "5"]
[White "Fernandez Hernandez, Arturo Augusto"]
[Black "Torres Dominguez, David"]
[Result "1-0"]
[WhiteElo "2308"]
[BlackElo "1998"]
[PlyCount "65"]
[EventDate "2023.03.21"]
[EventType "swiss (blitz)"]
[EventRounds "11"]
[EventCountry "USA"]
[SourceTitle "EXT 2024"]
[Source "ChessBase"]
[SourceDate "2023.10.10"]
[SourceVersion "1"]
[SourceVersionDate "2023.10.10"]
[SourceQuality "1"]

1. e4 e5 2. Nf3 Nc6 3. Bc4 Bc5 4. c3 Nf6 5. Qe2 d6 6. 0-0 Bg4 7. h3 Bh5 8. d3 a6 9. a4 Ba7 10. b4 h6 11. Be3 g5 12. Bxa7 Rxa7 13. Qe3 Ra8 14. Nbd2 Bg6 15. b5 axb5 16. axb5 Na5 17. Ba2 b6 18. d4 Qe7 19. dxe5 dxe5 20. Bd5 Rd8 21. c4 0-0 22. Qc3 Nd7 23. Rfe1 Kg7 24. Nf1 f6 25. Ne3 Nc5 26. Nf5+ Bxf5 27. exf5 Qd7 28. g4 Nab7 29. Ra7 Nd6 30. Nxe5 fxe5 31. Qxe5+ Rf6 32. Qe7+ Qxe7 33. Rxe7+ 1-0

[Event "Titled Tuesday intern op 21st Mar Early"]
[Site "Chess.com INT"]
[Date "2023.03.21"]
[Round "7"]
[White "Sahakyan, Aleks"]
[Black "Fernandez Hernandez, Arturo Augusto"]
[Result "1-0"]
[WhiteElo "2343"]
[BlackElo "2308"]
[PlyCount "153"]
[EventDate "2023.03.21"]
[EventType "swiss (blitz)"]
[EventRounds "11"]
[EventCountry "USA"]
[SourceTitle "EXT 2024"]
[Source "ChessBase"]
[SourceDate "2023.10.10"]
[SourceVersion "1"]
[SourceVersionDate "2023.10.10"]
[SourceQuality "1"]

1. e4 c5 2. Nc3 Nc6 3. Bb5 Nd4 4. Bc4 e6 5. Nge2 a6 6. a4 Ne7 7. 0-0 Nec6 8. d3 g6 9. Bf4 Bg7 10. Bd6 Bf8 11. Bxf8 Kxf8 12. Nxd4 Nxd4 13. e5 d5 14. exd6 Qxd6 15. Ne4 Qe7 16. c3 Nf5 17. Qc1 Kg7 18. Re1 b6 19. Qf4 Rd8 20. Ng3 Nxg3 21. Qe5+ Qf6 22. Qxg3 Ra7 23. Qb8 Rb7 24. Qe5 Qxe5 25. Rxe5 Kf6 26. f4 b5 27. axb5 axb5 28. Bb3 c4 29. dxc4 bxc4 30. Bxc4 Rxb2 31. Re2 Rdd2 32. Rxd2 Rxd2 33. Bf1 Rc2 34. c4 Bb7 35. Ra5 h5 36. Rb5 Ba6 37. Rb4 Rc1 38. Kf2 h4 39. g3 Rc2+ 40. Be2 hxg3+ 41. hxg3 Kf5 42. Ke3 Rc3+ 43. Kf2 Kf6 44. Ra4 Bb7 45. Rb4 Ba6 46. Ra4 Bb7 47. Ra5 Be4 48. g4 Bd3 49. g5+ Kg7 50. Bxd3 Rxd3 51. c5 Rc3 52. Ke2 Kf8 53. Ra8+ Ke7 54. Ra7+ Ke8 55. Rc7 Kf8 56. Kd2 Rc4 57. Ke3 Kg7 58. Rc8 Kh7 59. c6 Kg7 60. Rc7 Kg8 61. Kd3 Rxf4 62. Rc8+ Kg7 63. c7 Rf3+ 64. Kd4 Rf4+ 65. Kd3 Rf3+ 66. Kc4 Rf4+ 67. Kb5 Rf5+ 68. Kb6 Rxg5 69. Rd8 Rg1 70. c8Q Rb1+ 71. Ka5 Ra1+ 72. Kb4 Rb1+ 73. Ka3 Ra1+ 74. Kb2 Rf1 75. Qc3+ f6 76. Rd7+ Kh6 77. Qh3+ 1-0

[Event "Titled Tuesday intern op 21st Mar Early"]
[Site "Chess.com INT"]
[Date "2023.03.21"]
[Round "11"]
[White "Yilmaz, Mustafa"]
[Black "Fernandez Hernandez, Arturo Augusto"]
[Result "1-0"]
[WhiteElo "2629"]
[BlackElo "2308"]
[PlyCount "85"]
[EventDate "2023.03.21"]
[EventType "swiss (blitz)"]
[EventRounds "11"]
[EventCountry "USA"]
[SourceTitle "EXT 2024"]
[Source "ChessBase"]
[SourceDate "2023.10.10"]
[SourceVersion "1"]
[SourceVersionDate "2023.10.10"]
[SourceQuality "1"]

1. e4 c5 2. Nf3 e6 3. d4 cxd4 4. Nxd4 Nc6 5. Nc3 Qc7 6. g3 Nf6 7. Bg2 Bb4 8. 0-0 a6 9. Nxc6 bxc6 10. e5 Qxe5 11. Bf4 Qh5 12. Bf3 Qf5 13. Na4 0-0 14. Nb6 Ra7 15. Nc4 d5 16. Ne5 Bb7 17. Nd3 Be7 18. g4 Nxg4 19. Bxg4 Qf6 20. Be5 Qh4 21. Bg3 Qf6 22. Ne5 Ba8 23. f4 Qh6 24. c3 c5 25. Qc2 Re8 26. Rae1 Bf8 27. Qa4 Rd8 28. f5 f6 29. Nc6 Bxc6 30. Qxc6 e5 31. Bf3 Rad7 32. Rd1 e4 33. Bg2 a5 34. Qe6+ Kh8 35. Kh1 Re7 36. Qb6 Red7 37. Bxe4 dxe4 38. Qxd8 Rxd8 39. Rxd8 g5 40. Bd6 Kg8 41. Bxf8 Qxf8 42. Rxf8+ Kxf8 43. Re1 1-0

[Event "Carlos Torre Memorial op 32nd"]
[Site "Merida"]
[Date "2022.12.17"]
[Round "3"]
[White "Fernandez Hernandez, Arturo Augusto"]
[Black "Limon Olmos, Ivan Alonso"]
[Result "0-1"]
[WhiteElo "2346"]
[BlackElo "2086"]
[PlyCount "92"]
[EventDate "2022.12.16"]
[EventType "swiss"]
[EventRounds "9"]
[EventCountry "MEX"]
[SourceTitle "CBM 212 Extra"]
[Source "ChessBase"]
[SourceDate "2023.03.31"]
[SourceVersion "1"]
[SourceVersionDate "2023.03.31"]
[SourceQuality "1"]

1. Nf3 Nf6 2. c4 e6 3. e3 d5 4. Nc3 Be7 5. b3 0-0 6. Bb2 b6 7. d4 Bb7 8. Bd3 Nbd7 9. 0-0 c5 10. cxd5 Nxd5 11. Ne2 cxd4 12. Nfxd4 Nc5 13. Bb1 Bf6 14. e4 Ne7 15. f3 Ba6 16. Re1 e5 17. b4 exd4 18. bxc5 bxc5 19. Nf4 Qb8 20. Qd2 c4 21. e5 Bxe5 22. Rxe5 Qxe5 23. Bxd4 Qd6 24. Be4 Rad8 25. Rd1 Nc6 26. Bxc6 Qxc6 27. Qc3 f6 28. Rc1 Rfe8 29. Bxa7 Qc7 30. Be3 Qe5 31. Qxe5 Rxe5 32. Kf2 g5 33. Nh5 Kf7 34. f4 Ra5 35. Rc2 Rd3 36. Bc1 c3 37. Ng3 Bc4 38. a3 Bb3 39. Re2 Rd1 40. Re1 Rxe1 41. Kxe1 Rd5 42. Kf2 Rd1 43. Be3 gxf4 44. Bxf4 Bc4 45. Ne2 Bxe2 46. Kxe2 c2 0-1

[Event "Mexico City Independence Cup 11th"]
[Site "Mexico City"]
[Date "2022.09.18"]
[Round "7"]
[White "Espinosa Veloz, Ermes"]
[Black "Fernandez Hernandez, Arturo Augusto"]
[Result "1/2-1/2"]
[WhiteElo "2496"]
[BlackElo "2349"]
[PlyCount "70"]
[EventDate "2022.09.14"]
[EventType "tourn"]
[EventRounds "7"]
[EventCountry "MEX"]
[SourceTitle "CBM 210 Extra"]
[Source "ChessBase"]
[SourceDate "2022.11.30"]
[SourceVersion "1"]
[SourceVersionDate "2022.11.30"]
[SourceQuality "1"]

1. e4 c6 2. Nc3 d5 3. Nf3 Bg4 4. h3 Bxf3 5. Qxf3 Nf6 6. Be2 e6 7. 0-0 Nbd7 8. d4 Nxe4 9. Nxe4 dxe4 10. Qxe4 Nf6 11. Qd3 Bd6 12. a4 0-0 13. Rd1 h6 14. a5 Qe7 15. Bf3 Rac8 16. a6 b6 17. c3 Rfd8 18. Qe2 e5 19. dxe5 Qxe5 20. Qxe5 Bxe5 21. Be3 Rxd1+ 22. Rxd1 c5 23. Bb7 Re8 24. b4 cxb4 25. cxb4 Bc7 26. Rc1 Re7 27. b5 Ne8 28. Kf1 Nd6 29. Bc6 Nf5 30. Bd2 Nd4 31. Bb4 Re5 32. Ba3 Kh7 33. Bd7 Nb3 34. Rd1 Nc5 35. Bc6 Kg8 1/2-1/2

[Event "Mexico City Independence Cup 11th"]
[Site "Mexico City"]
[Date "2022.09.15"]
[Round "3"]
[White "Fernandez Hernandez, Arturo Augusto"]
[Black "Gonzalez Zamora, Juan Carlos"]
[Result "1/2-1/2"]
[WhiteElo "2349"]
[BlackElo "2513"]
[PlyCount "117"]
[EventDate "2022.09.14"]
[EventType "tourn"]
[EventRounds "7"]
[EventCountry "MEX"]
[SourceTitle "CBM 210 Extra"]
[Source "ChessBase"]
[SourceDate "2022.11.30"]
[SourceVersion "1"]
[SourceVersionDate "2022.11.30"]
[SourceQuality "1"]

1. d4 Nf6 2. c4 d6 3. Nc3 e5 4. e4 exd4 5. Qxd4 Nc6 6. Qd2 g6 7. Bd3 Bg7 8. Nge2 Ng4 9. h3 Nge5 10. b3 0-0 11. Bc2 a5 12. Bb2 a4 13. Rd1 axb3 14. axb3 Qh4 15. Qf4 Qxf4 16. Nxf4 Nb4 17. Bb1 Nd7 18. Nd3 Nxd3+ 19. Bxd3 Nc5 20. Bc2 f5 21. 0-0 fxe4 22. Rfe1 Bf5 23. g4 Bd7 24. Nxe4 Bxb2 25. Nxc5 Bxg4 26. hxg4 dxc5 27. Kg2 Bd4 28. f3 c6 29. Re2 Rfe8 30. Rde1 Rxe2+ 31. Rxe2 Kf7 32. f4 Ra1 33. g5 Ra3 34. Kf1 b5 35. Rh2 bxc4 36. Rxh7+ Bg7 37. Rh3 Ra2 38. Rh2 Ra1+ 39. Ke2 Rc1 40. Kd2 Rf1 41. Ke2 Rxf4 42. Rf2 Rxf2+ 43. Kxf2 c3 44. Kf3 Bf8 45. Bd3 Be7 46. Kf4 Bd6+ 47. Kf3 Be5 48. Bc2 Bc7 49. Bd3 Ba5 50. Bc2 Bb4 51. Ke2 Ba3 52. Kd3 Bc1 53. Kxc3 Bxg5 54. Be4 Be7 55. Bxc6 Ke6 56. Kd3 Ke5 57. Ke3 g5 58. Kf3 Kd4 59. Bb5 1/2-1/2

[Event "Las Americas op U2400 Hybrid"]
[Site "Internet"]
[Date "2022.06.04"]
[Round "5.5"]
[White "Fernandez Hernandez, Arturo Augusto"]
[Black "Rodriguez Galanton, Yul Johnattan"]
[Result "1-0"]
[WhiteElo "2369"]
[BlackElo "2068"]
[PlyCount "87"]
[EventDate "2022.06.04"]
[EventType "swiss"]
[EventRounds "6"]
[EventCountry "VEN"]
[SourceTitle "EXT 2024"]
[Source "ChessBase"]
[SourceDate "2023.10.10"]
[SourceVersion "1"]
[SourceVersionDate "2023.10.10"]
[SourceQuality "1"]

1. e4 e6 2. d4 d5 3. Bd3 c5 4. exd5 Qxd5 5. Nc3 Qd8 6. d5 a6 7. Nge2 Nf6 8. Bg5 exd5 9. Bxf6 Qxf6 10. Nxd5 Qd6 11. 0-0 Be7 12. Nef4 0-0 13. Qh5 h6 14. Rad1 Bg5 15. Qf3 Nc6 16. Rfe1 Nd4 17. Qg3 Be6 18. h4 Bd8 19. Nc3 Bc7 20. Nce2 Nxe2+ 21. Nxe2 Qe7 22. Qf3 Qxh4 23. g3 Qb4 24. c3 Qxb2 25. Rb1 Qxa2 26. Qxb7 Qd5 27. Qxc7 Qxd3 28. Qxc5 Rac8 29. Qa5 Bg4 30. Nf4 Qxc3 31. Qxa6 Ra8 32. Qd6 Rfd8 33. Qe7 Qd2 34. Rb7 Be6 35. Rxe6 Rf8 36. Re2 Ra1+ 37. Kh2 Qd1 38. Qe4 g5 39. Rxf7 Qg1+ 40. Kh3 Qf1+ 41. Kg4 Qxe2+ 42. Qxe2 Rxf7 43. Qe8+ Kg7 44. Nh5+ 1-0

[Event "Mexican op 67th"]
[Site "Chihuahua City"]
[Date "2022.04.16"]
[Round "7"]
[White "Fernandez Hernandez, Arturo Augusto"]
[Black "Hernandez Guerrero, Gilberto Eduardo"]
[Result "1/2-1/2"]
[WhiteElo "2376"]
[BlackElo "2564"]
[PlyCount "55"]
[EventDate "2022.04.12"]
[EventType "swiss"]
[EventRounds "9"]
[EventCountry "MEX"]
[SourceTitle "CBM 207 Extra"]
[Source "ChessBase"]
[SourceDate "2022.05.31"]
[SourceVersion "1"]
[SourceVersionDate "2022.05.31"]
[SourceQuality "1"]

1. d4 Nf6 2. Nf3 g6 3. c4 Bg7 4. g3 0-0 5. Bg2 c5 6. 0-0 cxd4 7. Nxd4 Nc6 8. Nc3 Qa5 9. Nc2 d6 10. Nd5 Nxd5 11. cxd5 Ne5 12. Bd2 Qb6 13. Bc3 Bd7 14. Bd4 Qa6 15. f4 Ng4 16. Bxg7 Kxg7 17. Qd4+ Nf6 18. e4 Rfc8 19. Ne3 Qb6 20. Qxb6 axb6 21. a3 Rc5 22. Rfc1 Bb5 23. Nd1 h5 24. Nc3 Bd7 25. h3 Rac8 26. Kf2 h4 27. Kg1 g5 28. Rd1 1/2-1/2

[Event "Mexican op 67th"]
[Site "Chihuahua City"]
[Date "2022.04.14"]
[Round "5"]
[White "Fernandez Hernandez, Arturo Augusto"]
[Black "Lopez Raygoza, Luis Alberto"]
[Result "1-0"]
[WhiteElo "2376"]
[BlackElo "2210"]
[PlyCount "103"]
[EventDate "2022.04.12"]
[EventType "swiss"]
[EventRounds "9"]
[EventCountry "MEX"]
[SourceTitle "CBM 207 Extra"]
[Source "ChessBase"]
[SourceDate "2022.05.31"]
[SourceVersion "1"]
[SourceVersionDate "2022.05.31"]
[SourceQuality "1"]

1. Nf3 Nf6 2. c4 e6 3. e3 d5 4. Nc3 Bd6 5. d4 0-0 6. Bd3 dxc4 7. Bxc4 a6 8. a4 c5 9. 0-0 Nc6 10. Qe2 Qe7 11. Rd1 b6 12. dxc5 Bxc5 13. e4 Ng4 14. Bg5 Qc7 15. Bh4 Nd4 16. Rxd4 Bxd4 17. Bg3 Be5 18. Nxe5 Nxe5 19. Bb3 Qc5 20. Rd1 Bb7 21. Nd5 Nc6 22. Bd6 Nd4 23. Nf6+ Kh8 24. Qe3 Qxd6 25. Rxd4 Qc6 26. Rc4 Qxc4 27. Bxc4 gxf6 28. Qxb6 Rab8 29. Qd4 Kg7 30. e5 f5 31. Qh4 h6 32. f3 Kh7 33. Qe7 Kg8 34. Kf2 Bd5 35. Bxd5 Rxb2+ 36. Ke3 exd5 37. g3 Rb6 38. Kf4 d4 39. Qd7 Kg7 40. Kxf5 Re6 41. Qxd4 Rc8 42. f4 Rc2 43. Kg4 Re2 44. Kf3 Re1 45. Qc3 Rb1 46. f5 Reb6 47. e6+ Kh7 48. Qf6 R1b3+ 49. Kg2 fxe6 50. Qg6+ Kh8 51. f6 Rb7 52. f7 1-0

[Event "Mexican op 67th"]
[Site "Chihuahua City"]
[Date "2022.04.13"]
[Round "2"]
[White "Avila Bautista, Roberto Al"]
[Black "Fernandez Hernandez, Arturo Augusto"]
[Result "1/2-1/2"]
[WhiteElo "2108"]
[BlackElo "2376"]
[PlyCount "41"]
[EventDate "2022.04.12"]
[EventType "swiss"]
[EventRounds "9"]
[EventCountry "MEX"]
[SourceTitle "CBM 207 Extra"]
[Source "ChessBase"]
[SourceDate "2022.05.31"]
[SourceVersion "1"]
[SourceVersionDate "2022.05.31"]
[SourceQuality "1"]

1. Nf3 d5 2. b3 Bg4 3. Bb2 Nd7 4. g3 Ngf6 5. Bg2 e6 6. 0-0 Bd6 7. c4 c6 8. d4 Qb8 9. Nbd2 h6 10. Qe1 0-0 11. e4 Bb4 12. a3 Ba5 13. b4 Bc7 14. Qe3 Re8 15. e5 Nh7 16. h3 Bxf3 17. Bxf3 b5 18. c5 a5 19. Be2 axb4 20. axb4 Qb7 21. f4 1/2-1/2

[Event "Mexican op 67th"]
[Site "Chihuahua City"]
[Date "2022.04.13"]
[Round "3"]
[White "Fernandez Hernandez, Arturo Augusto"]
[Black "Montes Orozco, Miguel Angel"]
[Result "0-1"]
[WhiteElo "2376"]
[BlackElo "2044"]
[PlyCount "114"]
[EventDate "2022.04.12"]
[EventType "swiss"]
[EventRounds "9"]
[EventCountry "MEX"]
[SourceTitle "CBM 207 Extra"]
[Source "ChessBase"]
[SourceDate "2022.05.31"]
[SourceVersion "1"]
[SourceVersionDate "2022.05.31"]
[SourceQuality "1"]

1. Nf3 Nf6 2. c4 c6 3. e3 d5 4. b3 Bg4 5. Bb2 e6 6. h3 Bh5 7. Be2 h6 8. 0-0 Nbd7 9. Nc3 Bd6 10. cxd5 exd5 11. Nd4 Bg6 12. f4 0-0 13. Nf3 Re8 14. d4 Rxe3 15. Ne5 c5 16. Nb5 Bxe5 17. dxe5 Ne4 18. Bg4 d4 19. Nxd4 Ng3 20. f5 Bh7 21. e6 Nxf1 22. exf7+ Kxf7 23. Ne6 Qe7 24. Nxg7 Re5 25. Qxd7 Qxd7 26. Bxe5 Ne3 27. Bh5+ Kg8 28. f6 Rf8 29. Re1 Qd2 30. Re2 Qc1+ 31. Kf2 Nd1+ 32. Kf3 Nc3 33. Re3 Qf1+ 34. Kg3 Ne4+ 35. Kh2 Rxf6 36. Ne8 Rf2 37. Bf3 Bg6 38. Nc7 Rd2 39. Ne6 Qf2 40. Bf4 Kf7 41. Nc7 Qh4 42. Bg4 h5 43. Be6+ Ke7 44. Rf3 Rf2 45. Bg3 Nxg3 46. Rxf2 Nf5 47. Rf3 Nd4 48. Rg3 Nxe6 49. Nxe6 Kxe6 50. Rxg6+ Kf5 51. Rg7 Qf4+ 52. Kh1 Qe4 53. Rd7 h4 54. Kh2 Ke6 55. Rd8 Qe5+ 56. Kh1 Qa1+ 57. Kh2 Qxa2 0-1

[Event "Mexican op 67th"]
[Site "Chihuahua City"]
[Date "2022.04.12"]
[Round "1"]
[White "Fernandez Hernandez, Arturo Augusto"]
[Black "Martinez Martinez, Ian Alf"]
[Result "1-0"]
[WhiteElo "2376"]
[BlackElo "1790"]
[PlyCount "89"]
[EventDate "2022.04.12"]
[EventType "swiss"]
[EventRounds "9"]
[EventCountry "MEX"]
[SourceTitle "CBM 207 Extra"]
[Source "ChessBase"]
[SourceDate "2022.05.31"]
[SourceVersion "1"]
[SourceVersionDate "2022.05.31"]
[SourceQuality "1"]

1. d4 d5 2. Nf3 c6 3. e3 Nf6 4. Bd3 Bg4 5. Nbd2 Nbd7 6. c4 e5 7. cxd5 Nxd5 8. h3 Bxf3 9. Nxf3 Qa5+ 10. Bd2 Qc7 11. 0-0 Bd6 12. Rc1 exd4 13. Nxd4 Be5 14. Bb1 g6 15. e4 Nf4 16. Be3 Rd8 17. Qc2 0-0 18. Rcd1 Rfe8 19. a3 Qb8 20. Ba2 Nf8 21. Nf3 Bf6 22. b4 N8e6 23. h4 Rxd1 24. Rxd1 Rd8 25. g3 Nh5 26. Kg2 Nhg7 27. Rxd8+ Nxd8 28. Qd2 Nde6 29. Qd7 Qe8 30. Qxe8+ Nxe8 31. e5 Bd8 32. Bxe6 fxe6 33. Bxa7 Nc7 34. Bb6 Kf7 35. Nd4 Ke7 36. f4 Nb5 37. Bxd8+ Kxd8 38. Nxb5 cxb5 39. h5 Ke8 40. Kh3 Kf7 41. Kh4 h6 42. g4 Kg7 43. g5 b6 44. gxh6+ Kxh6 45. hxg6 1-0

[Event "Titled Tuesday intern op 05th Oct"]
[Site "Chess.com INT"]
[Date "2021.10.05"]
[Round "2"]
[White "Csonka, Balazs"]
[Black "Fernandez Hernandez, Arturo Augusto"]
[Result "0-1"]
[WhiteElo "2478"]
[BlackElo "2369"]
[PlyCount "66"]
[EventDate "2021.10.05"]
[EventType "swiss (blitz)"]
[EventRounds "11"]
[EventCountry "USA"]
[SourceTitle "CBM 204 Extra"]
[Source "ChessBase"]
[SourceDate "2021.11.30"]
[SourceVersion "1"]
[SourceVersionDate "2021.11.30"]
[SourceQuality "1"]

1. d4 f5 2. Bf4 e6 3. e3 Nf6 4. Nf3 b6 5. h3 Bd6 6. Ne5 Bb7 7. Nc3 Nc6 8. Rg1 Bb4 9. a3 Bxc3+ 10. bxc3 Nxe5 11. Bxe5 0-0 12. g4 fxg4 13. hxg4 Ne4 14. Bg3 Nxg3 15. Rxg3 Rxf2 16. Kxf2 Qh4 17. Bg2 Rf8+ 18. Bf3 Rxf3+ 19. Qxf3 Bxf3 20. Kxf3 Qh2 21. Rg2 Qd6 22. Rf2 Qc6+ 23. Kg3 Qxc3 24. Raf1 h6 25. Rf3 Qxa3 26. Rf7 Qxe3+ 27. R1f3 Qg1+ 28. Kh3 Qxd4 29. Kh4 a5 30. Kh5 Qe5+ 31. Kh4 Qh2+ 32. Rh3 Qxh3+ 33. Kxh3 Kxf7 0-1